000 01372nam0a2200361 4500
001 RU\NLR\bibl\1238945
005 20260406123015.0
010 _a978-5-9524-3345-8
_bвып. 33
010 _a5-9524-0021-3
_95000
021 _aRU
_b2008-29733
_91641
035 _a(nilc)EL/0000066150
035 _a(NLR Aleph) 001225157
090 _a163282
_c163282
100 _a20060524d2008 |||y0rusy50 ca
101 1 _arus
_ceng
102 _aRU
105 _ay |||||||||
200 1 _aПриятная ночь для убийства
_eроманы
_fДжеймс Хедли Чейз
_g[пер. с англ. П. В. Рубцова]
210 _aМосква
_cЦентрполиграф
_d2008
215 _a366, [2] с.
_d21
225 1 _aКлассика детектива
_vвып. 33
225 1 _aПолное собрание сочинений
327 1 _aСодерж.: Приятная ночь для убийства; Избавьте меня от нее
675 _a821.111-31Чейз
_v4
_zrus
686 _a84(4Вел)-44
_vLBC/PL
_2rubbk
700 1 _4070
_8rus
_7ca
_aЧейз
_bД. Х.
_f1906-1985
_gДжеймс Хэдли
_3RU\NLR\auth\77817
_9110857
801 0 _aRU
_bНБР Саха
_c20060524
_grcr
801 1 _aRU
_bНБР Саха
_c20060524
801 2 _aRU
_bNLR
_c20080609
_grcr
942 _cBOOK
980 _aNB